| 000 | 00665nam a2200253 a 4500 | ||
|---|---|---|---|
| 001 | adlib96000001 | ||
| 003 | ViArRB | ||
| 005 | 200902210153555.7 | ||
| 008 | 960221s1955 dcuabcdjdbkoqu001 0deng d | ||
| 020 | _a | ||
| 022 | _a | ||
| 040 | _aAdlib | ||
| 082 | _aFM | ||
| 245 | _aKallakkatathukaran Jivitattileykku | ||
| 250 | _a | ||
| 260 |
_aMuvattupuzha _bVictory book house _c1972 |
||
| 300 |
_a192p.. _c |
||
| 500 | _a | ||
| 100 |
_aSalim _e |
||
| 700 |
_a _a |
||
| 942 | _cBK | ||
| 653 |
_alila _aAlkuttam _aFM _aFiction - Malayalam Literature |
||
| 952 |
_w2010-06-19 _pH0001357 _r2010-06-19 _40 _00 _bUL _10 _oFM SAL/K _d2010-06-19 _70 _yBK _aUL |
||
| 999 |
_c64604 _d64603 |
||